000 00627nam a2200181 i 4500
001 67872
003 ES-MaACL
005 20260216063017.0
007 t|
008 040216s1952 sp ||||1| spa d
100 0 _aGallego y Burín, Alberto
_953593
245 1 0 _aServicios de las Entidades Locales /
_cpor Alberto Gallego y Burín.
260 _aMadrid :
_b[s.n.,
_c1952] (
_fGráf. F. Martínez)
300 _a2 v. ;
_c22 cm.
505 8 _aContiene: T. I: Creación y organización. -- T. II: Formas de gestión, administrativas y mercantiles
852 _aES-MaACL
_jD-7438-39
_bR.32707
999 _c67872
_d67872